[Event "Ruhrgebiet Verbandsliga Gruppe 1 1617"]
[Site "Germany"]
[Date "2017.03.12"]
[Round "8.8"]
[White "Pappert, Thomas"]
[Black "Regber, Werner"]
[Result "1/2-1/2"]
[WhiteElo "1805"]
[BlackElo "1794"]
[PlyCount "81"]
[EventDate "2016.09.04"]
[EventType "team-tourn"]
[EventRounds "9"]
[EventCountry "GER"]
[SourceTitle "EXT 2022"]
[Source "ChessBase"]
[SourceDate "2021.10.06"]
[SourceVersion "1"]
[SourceVersionDate "2021.10.06"]
[SourceQuality "1"]
[WhiteTeam "Bochum-Linden"]
[BlackTeam "Eving SV Rochade"]
[WhiteTeamCountry "GER"]
[BlackTeamCountry "GER"]

1. c4 c5 2. Nc3 Nc6 3. e4 g6 4. d3 Bg7 5. f4 d6 6. Nf3 e6 7. Be2 Nge7 8. 0-0 a6 9. Rb1 0-0 10. Be3 Nd4 11. a4 Rb8 12. Kh1 Nec6 13. Bg1 Bd7 14. Qd2 Nxf3 15. Bxf3 Nd4 16. Bd1 Qa5 17. g4 b5 18. axb5 axb5 19. Qg2 bxc4 20. dxc4 Qb4 21. f5 f6 22. Be2 Qb7 23. Bd3 Bc6 24. Bxd4 cxd4 25. Ne2 e5 26. h4 Kh8 27. b4 Qe7 28. b5 Bb7 29. Ng3 Bh6 30. Ra1 Ra8 31. Qb2 Bf4 32. Ne2 Be3 33. Rxa8 Bxa8 34. Ng3 Bf4 35. Kg2 Rg8 36. Rf3 Qf7 37. b6 Bb7 38. Kh3 gxf5 39. Nxf5 Bc8 40. b7 Bxf5 41. exf5 1/2-1/2

[Event "Ruhrgebiet Verbandsliga Gruppe 1 1617"]
[Site "Germany"]
[Date "2016.11.27"]
[Round "4.7"]
[White "Seibert, Michael"]
[Black "Regber, Werner"]
[Result "1-0"]
[WhiteElo "1916"]
[BlackElo "1794"]
[PlyCount "59"]
[EventDate "2016.09.04"]
[EventType "team-tourn"]
[EventRounds "9"]
[EventCountry "GER"]
[SourceTitle "EXT 2022"]
[Source "ChessBase"]
[SourceDate "2021.10.06"]
[SourceVersion "1"]
[SourceVersionDate "2021.10.06"]
[SourceQuality "1"]
[WhiteTeam "Oberhausen SV II"]
[BlackTeam "Eving SV Rochade"]
[WhiteTeamCountry "GER"]
[BlackTeamCountry "GER"]

1. d4 d5 2. Bg5 Nf6 3. Bxf6 exf6 4. e3 Be6 5. c4 Bb4+ 6. Nc3 0-0 7. cxd5 Bxd5 8. Nge2 Nd7 9. Nf4 Nb6 10. Bd3 Re8 11. h4 Qd6 12. 0-0 Rad8 13. Nb5 Qd7 14. Qc2 h6 15. Qxc7 Qxc7 16. Nxc7 Re7 17. Ncxd5 Nxd5 18. Nxd5 Rxd5 19. Rac1 g6 20. Rc8+ Kg7 21. Rfc1 Ba5 22. Ra8 Bb6 23. Rcc8 f5 24. h5 Red7 25. hxg6 fxg6 26. Bc4 R5d6 27. Rg8+ Kf6 28. Raf8+ Kg5 29. f4+ Kg4 30. Kh2 1-0

[Event "Ruhrgebiet VK3 0910"]
[Site "Ruhrgebiet"]
[Date "2010.01.10"]
[Round "5.8"]
[White "Regber, Werner"]
[Black "Imcke, Patrick"]
[Result "1/2-1/2"]
[WhiteElo "1764"]
[BlackElo "1681"]
[PlyCount "80"]
[EventDate "2009.09.06"]
[EventType "team"]
[EventRounds "9"]
[EventCountry "GER"]
[SourceTitle "EXT 2011"]
[Source "ChessBase"]
[SourceDate "2010.11.26"]
[SourceVersion "1"]
[SourceVersionDate "2010.11.26"]
[SourceQuality "1"]
[WhiteTeam "Rochade Eving"]
[BlackTeam "Katernberg III"]
[WhiteTeamCountry "GER"]
[BlackTeamCountry "GER"]

1. d4 Nf6 2. c4 g6 3. Nc3 Bg7 4. e4 d6 5. Nf3 0-0 6. h3 Nbd7 7. Be2 e5 8. d5 Nc5 9. Qc2 a5 10. Be3 Qe7 11. a3 Bd7 12. 0-0 a4 13. Nd2 Ne8 14. b4 axb3 15. Nxb3 f5 16. Bxc5 dxc5 17. Nd2 Nd6 18. Ra2 Bh6 19. Bd3 Bxd2 20. Qxd2 f4 21. Kh2 Qh4 22. f3 g5 23. Qf2 Qh5 24. Rh1 b6 25. Kg1 Rf6 26. Nd1 Ba4 27. Qf1 Qg6 28. Nf2 h5 29. Qe2 Qg7 30. Qb2 Rff8 31. Be2 Bd7 32. Qc3 Ra4 33. Kf1 Rfa8 34. Ra1 Kf7 35. Rg1 Bc8 36. Nd1 Bd7 37. Nb2 R4a5 38. Nd3 Re8 39. Nf2 Rea8 40. Nd3 Re8 1/2-1/2